| 000 | 00812nam0a22002651 4500 | ||
|---|---|---|---|
| 001 | rc\3441656 | ||
| 005 | 20260407141023.0 | ||
| 021 |
_aRU _b73-ОЭ-5142/1 |
||
| 021 |
_aRU _bРг727-74 |
||
| 035 | _a(NLR Aleph) 007568413 | ||
| 090 |
_a5377741 _c5377741 |
||
| 100 | _a20130115d1973 |||y0rusy50 ca | ||
| 101 | 0 | _arus | |
| 102 | _aRU | ||
| 105 | _ay z ||||| | ||
| 200 | 1 |
_aГидролизин _eКлинич. данные _fМедэкспорт |
|
| 210 |
_aМосква _cВнешторгиздат _d[1973] |
||
| 215 |
_a19 с. _d29 |
||
| 320 | _aБиблиогр.: с. 19 | ||
| 712 | 0 | 2 |
_a"Медэкспорт", всесоюзное объединение _3RU\NLR\AUTH\8810008531 _9514809 |
| 801 | 0 |
_aRU _bNLR _gpsbo |
|
| 801 | 1 |
_aRU _bELAR _2rusmarc |
|
| 852 |
_aNLR _j73-8/1677 |
||
| 942 | _cBOOK | ||
| 980 | _aNB | ||